000
00324nam a2200121Ia 4500
008
220204s9999 xx 000 0 und d
082
_a
574.9
_b
TIV
100
_a
TIVY, Joy
245
0
_a
Biogeography: A study of plants in the ecosphere.
260
_a
Edinburgh
_b
Oliver and Boyd
_c
1971
650
_a
Biogeography
942
_c
BK
999
_c
27332
_d
27332